000 00650nam a2200193 i 4500
001 38267
003 ES-MaACL
005 20230906155728.0
007 t|
008 030225s1971 sp ||||1| spa d
100 1 _aBurges, A.
_932630
245 1 0 _aBiología del suelo /
_cbajo la dirección de A. Burges y F. Raw ; traducido del inglés por José Luis Mensua Fernández y por Xavier Llimona Pagés.
260 _aBarcelona :
_bOmega,
_c1971.
300 _a596 p., 1 lám. ;
_c23 cm.
700 1 _aRawl, F.
_995607
700 1 _aMensua Fernández, J. L.
_980382
700 0 _aLlimona Pagés, Xavier.
_972781
852 _aES-MaACL
_jE-8153
_bR.92658
999 _c38267
_d38267